Journal of geochemical exploration.

Bibliographic Details
Corporate Author: Association of Exploration Geochemists
Format: Journal
Language:English
Published: Amsterdam, New York : Elsevier.
Subjects:
Online Availability: Check for online availability

MARC

Tag First Indicator Second Indicator Subfields
LEADER 00000cas a22000001 4500
001 in00000052435
005 20151007070135.0
008 741224c19729999ne bn0p 0 a0eng
010 |a  72626507  
012 |a u  |b 3  |d 7  |e n  |f -  |g p  |h -  |i 8406  |m 0 
019 |a 1713812  |a 1215410 
022 0 |a 0375-6742 
030 |a JGCEAT 
035 |a (OCoLC)ocm01784019 
035 |a (OCoLC)01784019 
035 |9 AAE3422AM 
040 |a DLC  |c DLC  |d NSD  |d DLC  |d OCL  |d SER  |d AIP  |d NST  |d AIP  |d NST  |d OCL  |d NST  |d NSD  |d OCL  |d CUS  |d UtOrBLW 
042 |a lc  |a nsdp 
049 |a TXAM 
050 0 0 |a TN270.A1  |b J68 
082 0 |a 622/.1 
210 0 |a J. geochem. explor. 
222 0 |a Journal of geochemical exploration 
245 0 0 |a Journal of geochemical exploration. 
264 1 |a Amsterdam,  |a New York :  |b Elsevier. 
300 |a volumes :  |b illustrations ;  |c 24 cm. 
310 |a Monthly (except Jan., Mar., May and Sept.),  |b <Mar. 1994-> 
321 |a Quarterly,  |b 1972-75 
321 |a Bimonthly,  |b 1977- 
336 |a text  |b txt  |2 rdacontent 
337 |a unmediated  |b n  |2 rdamedia 
338 |a volume  |b nc  |2 rdacarrier 
362 0 |a v. 1- July 1972- 
500 |a Journal of the Association of Exploration Geochemists. 
510 2 |a Chemical abstracts  |x 0009-2258 
510 2 |a Energy research abstracts  |b Oct. 1974-  |x 0160-3604 
510 2 |a Engineering index annual (1968)  |x 0360-8557 
510 2 |a Engineering index bioengineering abstracts  |x 0736-6213 
510 2 |a Engineering index energy abstracts  |x 0093-8408 
510 2 |a Engineering index monthly (1984)  |x 0742-1974 
510 2 |a FLUIDEX  |b 1973- 
510 2 |a GeoRef  |x 0197-7482 
510 2 |a Life sciences collection 
510 0 |a Engineering index monthly  |x 0013-7960 
530 |a Available also by subscription via the World Wide Web. 
650 0 |a Geochemical prospecting  |x Periodicals. 
710 2 |a Association of Exploration Geochemists. 
850 |a AAP  |a AU  |a CaNSHD  |a CaOOM  |a CaSRU  |a DLC  |a FMU  |a IaAS  |a MiDW  |a MsU  |a OrCS  |a TU  |a TxDaM  |a TxHR  |a ViBlbV 
936 |a Mar. 1994 (surrogate) 
948 |a MFHD URL added  |b h  |c 2002/9/11  |d c  |e bsurratt  |f 2:31:23 pm 
994 |a E0  |b TXA 
999 |a MARS 
999 f f |s 71bf17db-28f1-3fee-90f2-84c84c64ede0  |i a223d7ec-511c-3fa9-ac30-32a2c08b2dc6  |t 0 
952 f f |p ric  |a Texas A&M University  |b Rellis Campus  |c Joint Library Facility  |d Remote Storage  |t 0  |e TN270.A1 J68  |h Library of Congress classification  |i unmediated -- volume  |k v.27 -v.28  |l 1987-1987  |m A14811421541 
952 f f |p ric  |a Texas A&M University  |b Rellis Campus  |c Joint Library Facility  |d Remote Storage  |t 0  |e TN270.A1 J68  |h Library of Congress classification  |i unmediated -- volume  |k v.55  |l 1995:Dec  |m A14820374418 
952 f f |p ric  |a Texas A&M University  |b Rellis Campus  |c Joint Library Facility  |d Remote Storage  |t 0  |e TN270.A1 J68  |h Library of Congress classification  |i unmediated -- volume  |k v.36  |l 1990  |m A14814661378 
952 f f |p ric  |a Texas A&M University  |b Rellis Campus  |c Joint Library Facility  |d Remote Storage  |t 0  |e TN270.A1 J68  |h Library of Congress classification  |i unmediated -- volume  |k v.8  |l 1977  |m A14821580999 
952 f f |p ric  |a Texas A&M University  |b Rellis Campus  |c Joint Library Facility  |d Remote Storage  |t 0  |e TN270.A1 J68  |h Library of Congress classification  |i unmediated -- volume  |k v.74-75  |l 2001-2002  |m A14830644425 
952 f f |p ric  |a Texas A&M University  |b Rellis Campus  |c Joint Library Facility  |d Remote Storage  |t 0  |e TN270.A1 J68  |h Library of Congress classification  |i unmediated -- volume  |k v.65  |l 1998/1999  |m A14824952200 
952 f f |p ric  |a Texas A&M University  |b Rellis Campus  |c Joint Library Facility  |d Remote Storage  |t 0  |e TN270.A1 J68  |h Library of Congress classification  |i unmediated -- volume  |k v.23-v.24  |l 1985  |m A14821580842 
952 f f |p ric  |a Texas A&M University  |b Rellis Campus  |c Joint Library Facility  |d Remote Storage  |t 0  |e TN270.A1 J68  |h Library of Congress classification  |i unmediated -- volume  |k v.69/70  |l 2000  |m A14826834440 
952 f f |p ric  |a Texas A&M University  |b Rellis Campus  |c Joint Library Facility  |d Remote Storage  |t 0  |e TN270.A1 J68  |h Library of Congress classification  |i unmediated -- volume  |k v.5  |l 1976  |m A14821580101 
952 f f |p ric  |a Texas A&M University  |b Rellis Campus  |c Joint Library Facility  |d Remote Storage  |t 0  |e TN270.A1 J68  |h Library of Congress classification  |i unmediated -- volume  |k v.46  |l 1992/1993  |m A14817909288 
952 f f |p ric  |a Texas A&M University  |b Rellis Campus  |c Joint Library Facility  |d Remote Storage  |t 0  |e TN270.A1 J68  |h Library of Congress classification  |i unmediated -- volume  |k v.43  |l 1992  |m A14816104885 
952 f f |p ric  |a Texas A&M University  |b Rellis Campus  |c Joint Library Facility  |d Remote Storage  |t 0  |e TN270.A1 J68  |h Library of Congress classification  |i unmediated -- volume  |k v.68  |l 2000  |m A14826834759 
952 f f |p ric  |a Texas A&M University  |b Rellis Campus  |c Joint Library Facility  |d Remote Storage  |t 0  |e TN270.A1 J68  |h Library of Congress classification  |i unmediated -- volume  |k v.4  |l 1975  |m A14821580151 
952 f f |p ric  |a Texas A&M University  |b Rellis Campus  |c Joint Library Facility  |d Remote Storage  |t 0  |e TN270.A1 J68  |h Library of Congress classification  |i unmediated -- volume  |k v.17 -v.18  |l 1982-1983  |m A14813868228 
952 f f |p ric  |a Texas A&M University  |b Rellis Campus  |c Joint Library Facility  |d Remote Storage  |t 0  |e TN270.A1 J68  |h Library of Congress classification  |i unmediated -- volume  |k v.44  |l 1992:Jul.  |m A14816141942 
952 f f |p ric  |a Texas A&M University  |b Rellis Campus  |c Joint Library Facility  |d Remote Storage  |t 0  |e TN270.A1 J68  |h Library of Congress classification  |i unmediated -- volume  |k v.61  |l 1998  |m A14823521682 
952 f f |p ric  |a Texas A&M University  |b Rellis Campus  |c Joint Library Facility  |d Remote Storage  |t 0  |e TN270.A1 J68  |h Library of Congress classification  |i unmediated -- volume  |k v.56  |l 1996  |m A14821426195 
952 f f |p ric  |a Texas A&M University  |b Rellis Campus  |c Joint Library Facility  |d Remote Storage  |t 0  |e TN270.A1 J68  |h Library of Congress classification  |i unmediated -- volume  |k v.78/79  |l 2003  |m A14832190896 
952 f f |p ric  |a Texas A&M University  |b Rellis Campus  |c Joint Library Facility  |d Remote Storage  |t 0  |e TN270.A1 J68  |h Library of Congress classification  |i unmediated -- volume  |k v.60  |l 1997/1998  |m A14823521624 
952 f f |p ric  |a Texas A&M University  |b Rellis Campus  |c Joint Library Facility  |d Remote Storage  |t 0  |e TN270.A1 J68  |h Library of Congress classification  |i unmediated -- volume  |k v.3  |l 1974  |m A14821580208 
952 f f |p ric  |a Texas A&M University  |b Rellis Campus  |c Joint Library Facility  |d Remote Storage  |t 0  |e TN270.A1 J68  |h Library of Congress classification  |i unmediated -- volume  |k v.25 -v.26  |l 1986-1986  |m A14811421591 
952 f f |p ric  |a Texas A&M University  |b Rellis Campus  |c Joint Library Facility  |d Remote Storage  |t 0  |e TN270.A1 J68  |h Library of Congress classification  |i unmediated -- volume  |k v.54  |l 1995  |m A14819501418 
952 f f |p ric  |a Texas A&M University  |b Rellis Campus  |c Joint Library Facility  |d Remote Storage  |t 0  |e TN270.A1 J68  |h Library of Congress classification  |i unmediated -- volume  |k v.30  |l 1988  |m A14811732293 
952 f f |p ric  |a Texas A&M University  |b Rellis Campus  |c Joint Library Facility  |d Remote Storage  |t 0  |e TN270.A1 J68  |h Library of Congress classification  |i unmediated -- volume  |k v.12 -v.13  |l 1979/1980-1980  |m A14817735574 
952 f f |p ric  |a Texas A&M University  |b Rellis Campus  |c Joint Library Facility  |d Remote Storage  |t 0  |e TN270.A1 J68  |h Library of Congress classification  |i unmediated -- volume  |k v.58  |l 1997  |m A14821426292 
952 f f |p ric  |a Texas A&M University  |b Rellis Campus  |c Joint Library Facility  |d Remote Storage  |t 0  |e TN270.A1 J68  |h Library of Congress classification  |i unmediated -- volume  |k v.7  |l 1977  |m A14813838045 
952 f f |p ric  |a Texas A&M University  |b Rellis Campus  |c Joint Library Facility  |d Remote Storage  |t 0  |e TN270.A1 J68  |h Library of Congress classification  |i unmediated -- volume  |k v.71  |l 2000  |m A14827907173 
952 f f |p ric  |a Texas A&M University  |b Rellis Campus  |c Joint Library Facility  |d Remote Storage  |t 0  |e TN270.A1 J68  |h Library of Congress classification  |i unmediated -- volume  |k v.53  |l 1995  |m A14819501311 
952 f f |p ric  |a Texas A&M University  |b Rellis Campus  |c Joint Library Facility  |d Remote Storage  |t 0  |e TN270.A1 J68  |h Library of Congress classification  |i unmediated -- volume  |k v.41  |l 1991  |m A14815312184 
952 f f |p ric  |a Texas A&M University  |b Rellis Campus  |c Joint Library Facility  |d Remote Storage  |t 0  |e TN270.A1 J68  |h Library of Congress classification  |i unmediated -- volume  |k v.33 -v.34  |l 1989-1989  |m A14812891595 
952 f f |p ric  |a Texas A&M University  |b Rellis Campus  |c Joint Library Facility  |d Remote Storage  |t 0  |e TN270.A1 J68  |h Library of Congress classification  |i unmediated -- volume  |k v.21 -v.22  |l 1984-1984  |m A14818720881 
952 f f |p ric  |a Texas A&M University  |b Rellis Campus  |c Joint Library Facility  |d Remote Storage  |t 0  |e TN270.A1 J68  |h Library of Congress classification  |i unmediated -- volume  |k v.66  |l 1999  |m A14826834482 
952 f f |p ric  |a Texas A&M University  |b Rellis Campus  |c Joint Library Facility  |d Remote Storage  |t 0  |e TN270.A1 J68  |h Library of Congress classification  |i unmediated -- volume  |k v.67  |l 1999  |m A14826834408 
952 f f |p ric  |a Texas A&M University  |b Rellis Campus  |c Joint Library Facility  |d Remote Storage  |t 0  |e TN270.A1 J68  |h Library of Congress classification  |i unmediated -- volume  |k v.64  |l 1998:Nov.  |m A14824952187 
952 f f |p ric  |a Texas A&M University  |b Rellis Campus  |c Joint Library Facility  |d Remote Storage  |t 0  |e TN270.A1 J68  |h Library of Congress classification  |i unmediated -- volume  |k v.59  |l 1997  |m A14823521674 
952 f f |p ric  |a Texas A&M University  |b Rellis Campus  |c Joint Library Facility  |d Remote Storage  |t 0  |e TN270.A1 J68  |h Library of Congress classification  |i unmediated -- volume  |k v.31  |l 1988/1989  |m A14811953687 
952 f f |p ric  |a Texas A&M University  |b Rellis Campus  |c Joint Library Facility  |d Remote Storage  |t 0  |e TN270.A1 J68  |h Library of Congress classification  |i unmediated -- volume  |k v.14 -v.15  |l 1981-1981  |m A14818734686 
952 f f |p ric  |a Texas A&M University  |b Rellis Campus  |c Joint Library Facility  |d Remote Storage  |t 0  |e TN270.A1 J68  |h Library of Congress classification  |i unmediated -- volume  |k v.47  |l 1993:Apr.  |m A14817909296 
952 f f |p ric  |a Texas A&M University  |b Rellis Campus  |c Joint Library Facility  |d Remote Storage  |t 0  |e TN270.A1 J68  |h Library of Congress classification  |i unmediated -- volume  |k v.51  |l 1994  |m A14819083038 
952 f f |p ric  |a Texas A&M University  |b Rellis Campus  |c Joint Library Facility  |d Remote Storage  |t 0  |e TN270.A1 J68  |h Library of Congress classification  |i unmediated -- volume  |k v.37  |l 1990  |m A14815527234 
952 f f |p ric  |a Texas A&M University  |b Rellis Campus  |c Joint Library Facility  |d Remote Storage  |t 0  |e TN270.A1 J68  |h Library of Congress classification  |i unmediated -- volume  |k v.73  |l 2001  |m A14828549211 
952 f f |p ric  |a Texas A&M University  |b Rellis Campus  |c Joint Library Facility  |d Remote Storage  |t 0  |e TN270.A1 J68  |h Library of Congress classification  |i unmediated -- volume  |k v.57  |l 1996:Dec  |m A14821426242 
952 f f |p ric  |a Texas A&M University  |b Rellis Campus  |c Joint Library Facility  |d Remote Storage  |t 0  |e TN270.A1 J68  |h Library of Congress classification  |i unmediated -- volume  |k v.76-77  |l 2002-2003  |m A14830644467 
952 f f |p ric  |a Texas A&M University  |b Rellis Campus  |c Joint Library Facility  |d Remote Storage  |t 0  |e TN270.A1 J68  |h Library of Congress classification  |i unmediated -- volume  |k v.6  |l 1976  |m A14821581042 
952 f f |p ric  |a Texas A&M University  |b Rellis Campus  |c Joint Library Facility  |d Remote Storage  |t 0  |e TN270.A1 J68  |h Library of Congress classification  |i unmediated -- volume  |k v.42  |l 1991/1992  |m A14816104877 
952 f f |p ric  |a Texas A&M University  |b Rellis Campus  |c Joint Library Facility  |d Remote Storage  |t 0  |e TN270.A1 J68  |h Library of Congress classification  |i unmediated -- volume  |k v.9  |l 1978  |m A14809062860 
952 f f |p ric  |a Texas A&M University  |b Rellis Campus  |c Joint Library Facility  |d Remote Storage  |t 0  |e TN270.A1 J68  |h Library of Congress classification  |i unmediated -- volume  |k v.48  |l 1993  |m A14817909270 
952 f f |p ric  |a Texas A&M University  |b Rellis Campus  |c Joint Library Facility  |d Remote Storage  |t 0  |e TN270.A1 J68  |h Library of Congress classification  |i unmediated -- volume  |k v.11  |l 1979  |m A14821580949 
952 f f |p ric  |a Texas A&M University  |b Rellis Campus  |c Joint Library Facility  |d Remote Storage  |t 0  |e TN270.A1 J68  |h Library of Congress classification  |i unmediated -- volume  |k v.32  |l 1989  |m A14811953734 
952 f f |p ric  |a Texas A&M University  |b Rellis Campus  |c Joint Library Facility  |d Remote Storage  |t 0  |e TN270.A1 J68  |h Library of Congress classification  |i unmediated -- volume  |k v.16  |l 1981  |m A14821580892 
952 f f |p ric  |a Texas A&M University  |b Rellis Campus  |c Joint Library Facility  |d Remote Storage  |t 0  |e TN270.A1 J68  |h Library of Congress classification  |i unmediated -- volume  |k v.29  |l 1988  |m A14811732243 
952 f f |p ric  |a Texas A&M University  |b Rellis Campus  |c Joint Library Facility  |d Remote Storage  |t 0  |e TN270.A1 J68  |h Library of Congress classification  |i unmediated -- volume  |k v.40  |l 1991  |m A14815315360 
952 f f |p ric  |a Texas A&M University  |b Rellis Campus  |c Joint Library Facility  |d Remote Storage  |t 0  |e TN270.A1 J68  |h Library of Congress classification  |i unmediated -- volume  |k v.19 -v.20  |l 1983-1984  |m A14818720386 
952 f f |p ric  |a Texas A&M University  |b Rellis Campus  |c Joint Library Facility  |d Remote Storage  |t 0  |e TN270.A1 J68  |h Library of Congress classification  |i unmediated -- volume  |k v.63  |l 1998  |m A14824952179 
952 f f |p ric  |a Texas A&M University  |b Rellis Campus  |c Joint Library Facility  |d Remote Storage  |t 0  |e TN270.A1 J68  |h Library of Congress classification  |i unmediated -- volume  |k v.45  |l 1992:Nov.  |m A14816141992 
952 f f |p ric  |a Texas A&M University  |b Rellis Campus  |c Joint Library Facility  |d Remote Storage  |t 0  |e TN270.A1 J68  |h Library of Congress classification  |i unmediated -- volume  |k v.35  |l 1990  |m A14814366465 
952 f f |p ric  |a Texas A&M University  |b Rellis Campus  |c Joint Library Facility  |d Remote Storage  |t 0  |e TN270.A1 J68  |h Library of Congress classification  |i unmediated -- volume  |k v.62  |l 1998  |m A14823521632 
952 f f |p ric  |a Texas A&M University  |b Rellis Campus  |c Joint Library Facility  |d Remote Storage  |t 0  |e TN270.A1 J68  |h Library of Congress classification  |i unmediated -- volume  |k v.72  |l 2001  |m A14828549253 
952 f f |p ric  |a Texas A&M University  |b Rellis Campus  |c Joint Library Facility  |d Remote Storage  |t 0  |e TN270.A1 J68  |h Library of Congress classification  |i unmediated -- volume  |k v.39  |l 1990/1991  |m A14815077158 
952 f f |p ric  |a Texas A&M University  |b Rellis Campus  |c Joint Library Facility  |d Remote Storage  |t 0  |e TN270.A1 J68  |h Library of Congress classification  |i unmediated -- volume  |k v.52  |l 1995  |m A14819501361 
952 f f |p ric  |a Texas A&M University  |b Rellis Campus  |c Joint Library Facility  |d Remote Storage  |t 0  |e TN270.A1 J68  |h Library of Congress classification  |i unmediated -- volume  |k v.10  |l 1978  |m A14816946148 
952 f f |p ric  |a Texas A&M University  |b Rellis Campus  |c Joint Library Facility  |d Remote Storage  |t 0  |e TN270.A1 J68  |h Library of Congress classification  |i unmediated -- volume  |k v.49  |l 1993  |m A14818802447 
952 f f |p ric  |a Texas A&M University  |b Rellis Campus  |c Joint Library Facility  |d Remote Storage  |t 0  |e TN270.A1 J68  |h Library of Congress classification  |i unmediated -- volume  |k v.50  |l 1994:Mar.  |m A14818790763 
998 f f |a TN270.A1 J68  |s v.3-37 (1974-1990), v.39-79 (1990-2003)  |t 0  |l Remote Storage